000
00300nam a2200121Ia 4500
005
20251222144759.0
008
251222s9999||||xx |||||||||||||| ||spa||
082
_a
869.56/B38P
100
_a
Belaunde, Víctor Andrés
245
0
_a
Peruanidad:
264
_b
Instituto Riva-Agüero PUCP
942
_c
LIB
999
_c
19648
_d
19648